000 004670000a22001810004500
020 _a0-8407-5658-5
041 0 _aENG
082 0 4 _aG 261.835 G1972g
100 1 _aGangel, Kenneth O.
245 1 0 _aThe gospel and the gay / Kenneth O. Gangel
260 _aNashville, TN., USA : Thomas Nelson
300 _a202 Pag
001 7020
942 _cBK
999 _c37257
_d37257
336 _atexto
_btxt
_2rdacontent
337 _2rdamedia
_asin mediación
_bn
338 _2rdacarrier
_avolumen
_bnc